Domination and resistance : Egyptian military activity in the southern Levant, ca. 1300-1185 B.C. /
المؤلف الرئيسي:
التنسيق: كتاب
اللغة: English
منشور في:
Leiden ; Boston :
Brill,
1998.
سلاسل:
Probleme der Agyptologie ;
11.
PdA ;
11.
الموضوعات:
الوسوم: إضافة وسم
رقم الطلب: DT57 .P92 v.11
| LEADER | 01227namaa2200349 4500 | ||
|---|---|---|---|
| 001 | 2939 | ||
| 003 | OSt | ||
| 005 | 20260421095628.0 | ||
| 008 | 130303s1998 ne ab b 001 0 eng d | ||
| 010 | |a 98015904 | ||
| 020 | |a 9004109846 (cloth : alk. paper) | ||
| 035 | |a (OCoLC) 38566209 | ||
| 035 | |a 1908232 | ||
| 040 | |c ARCE Library | ||
| 050 | 4 | |a DT57 .P92 v.11 | |
| 100 | 1 | |a Hasel, Michael G., |e author |9 31696 | |
| 245 | 1 | 0 | |a Domination and resistance : |b Egyptian military activity in the southern Levant, ca. 1300-1185 B.C. / |c by Michael G. Hasel. |
| 264 | 1 | |a Leiden ; |a Boston : |b Brill, |c 1998. | |
| 300 | |a xxiii, 372 page : |b illustrations, maps ; |c 24 cm. | ||
| 490 | 0 | |a Probleme der Agyptologie ; |v 11. | |
| 490 | 0 | |a PdA ; |v 11. | |
| 504 | |a Includes bibliographical references (page [272]-352) and indexes. | ||
| 650 | 0 | |a Excavations (Archaeology) |z Palestine. | |
| 650 | 0 | |a Excavations (Archaeology) |z Syria. | |
| 651 | 0 | |a Egypt |x Antiquities. | |
| 651 | 0 | |a Egypt |x History |y To 332 B.C. |v Sources. | |
| 651 | 0 | |a Egypt |x History, Military |v Sources. | |
| 651 | 0 | |a Palestine |x History |y To 70 A.D. |v Sources. | |
| 651 | 0 | |a Syria |x History |y To 333 B.C. |v Sources. | |
| 901 | |a reviewed | ||
| 942 | |c BK |2 lcc | ||
| 999 | |c 98 |d 98 | ||
